000 00886nam a2200229Ii 4500
003 JO-AjNU
008 230605s9999||||xx |||||||||||||| ||und||
020 _a978-9948-455-12-7
040 _aJO-AjNU
_bara
_erda
_cJO-AjNU
041 _aara
050 1 4 _aHG4026 2014
100 3 _aالعبيدي، ابراهيم عبداللطيف ابراهيم,
_eauthor
_948470
245 0 0 _aاسس التعامل الامثل مع الراتب
250 _aط1
264 3 1 _aدبي: دائرة الشؤون الاسلامية والعمل الخيري، 2014
300 _a64ص
_bيحتوي على ببلوغرافية من 61-64ص
336 _atext
_btxt
_2rdacontent
337 _aunmediated
_bn
_2rdamedia
338 _avolume
_bnc
_2rdacarrier
490 0 _aسلسلة اهمية التخطيط المالي؛ 3
650 4 _aالدخل الشهري - التعامل الامثل
_948471
999 _aA21229
_c24797
_d24797